000 00742nam a2200253Ia 4500
003 OSt
005 20221005093013.0
006 a|||||r|||| 00| 0
007 ta
008 221004b |||||||| |||| 00| 0 eng d
024 _a73933
037 _cTextual
040 _aCRL
_cCRL
_beng
041 _2eng
_aeng
082 _aO111,2J64:gx, G4
100 _aGranville-Barker Harley Ed.
_9618029
245 0 _aCompanion to Shakespeare studies
260 _aNew York
_bThe Macmillan Company USA
_c1934
300 _a408p.
_ccm.
650 _aENGLISH LITERATURE
700 _a Harrison G B Ed.
_9618030
942 _hO111,2J64:gx, G4
_cTEXL
_2cc
999 _c999705
_d999705